000 00407nam a2200181Ia 4500
005 20250603145358.0
008 250603s9999 xx 000 0 und d
020 _a9788172335038
050 _aQK 47 .M353/
100 _aMalaviya, Naveen
245 0 _aModern botany
260 _aJodhpur
260 _bScientific Publishers
260 _c2008
300 _a299 p
650 _aJodhpur
942 _cBK
999 _c41688
_d41688